• 首页
  • 本馆介绍
  • 公告通知
  • 最新文献
  • 馆藏检索
  • 电子资源
  • 读者导购
  • 参考咨询
  • 我的图书馆
  • 登录
  • 详细信息显示
  • 放入我的书架
  • 预约/预借图书
  • 作者相关作品
  • 分类相关作品
  • 丛书相关作品
  • 出版社相关作品

书目信息

  • 表格格式
  • 工作单格式
  • 卡片格式
题名:
楚材秦用——李斯
    
 
作者: 姜正成 编著
分册:  
出版信息: 北京   中央编译出版社  2014
页数: 256页
开本: 24cm
丛书名: 中华历朝著名宰相大传系列
单 册:
中图分类: B226.65
科图分类:
主题词:
电子资源:
ISBN: 978-7-5117-1924-9
000 00984nam0 2200277 450
001 012001001445
005 20140921103355.0
010    @a978-7-5117-1924-9@dCNY33.00
090    @aB226@bjzc
100    @a20140429d2014 em y0chiy50 ea
101 0  @achi
102    @aCN@b110000
105    @aa z 000yd
106    @ar
200 1  @a楚材秦用——李斯@9chu cai qin yong——li si@f姜正成编著
210    @a北京@c中央编译出版社@d2014
215    @a256页@c图@d24cm
225 1  @a中华历朝著名宰相大传系列
330    @a本书以全新的视角对李斯波澜壮阔的一生进行了论述,并结合历史背景,介绍了秦始皇统一六国时期的历史事件,使读者在品味李斯的经历的过程中,对中国古代历史及当时的社会、人文、经济、军事等内容也有所了解。
461  0 @12001 @a中华历朝著名宰相大传系列
600  0 @a李斯@f(前?-前208年)@x传记
600  0 @a李斯@f(前?-前208年)
690    @aB226.65@v5
701  0 @a姜正成@9jiang zheng cheng@4编著
801  0 @aCN@b上海新华@c20180901
905    @b1151897-901@dB226.65@e823@f5
    
    楚材秦用——李斯/姜正成编著.-北京:中央编译出版社,2014
    256页:图;24cm.-(中华历朝著名宰相大传系列)
    
    
    ISBN 978-7-5117-1924-9:CNY33.00
    本书以全新的视角对李斯波澜壮阔的一生进行了论述,并结合历史背景,介绍了秦始皇统一六国时期的历史事件,使读者在品味李斯的经历的过程中,对中国古代历史及当时的社会、人文、经济、军事等内容也有所了解。
●
相关链接 在E读中查询图书 在五车中查询图书 在当当中查询图书 在豆瓣中查询图书


正题名:楚材秦用——李斯     索取号:B226.65/823         预约/预借

序号 登录号 条形码 馆藏地/架位号 状态 备注
1 1151897   211518972   第一样本阅览室/ [索取号:B226.65/823] 在馆    
2 1151898   211518981   第一借阅区/ [索取号:B226.65/823] 在馆    
3 1151899   211518990   第一借阅区/ [索取号:B226.65/823] 在馆    
4 1151900   211519007   第一借阅区/ [索取号:B226.65/823] 在馆    
5 1151901   211519016   第一借阅区/ [索取号:B226.65/823] 在馆    
唐山师范学院图书馆 欢迎您!
大连网信软件有限公司© 版权所有